header

How to make collaboration work (Record no. 163092)

MARC details
000 -LEADER
fixed length control field 01333nam a2200337Ia 4500
082 04 - DEWEY DECIMAL CLASSIFICATION NUMBER
Classification number 658.4/036
100 1# - MAIN ENTRY--AUTHOR NAME
Personal name Straus, David.
245 10 - TITLE STATEMENT
Title How to make collaboration work
260 ## - PUBLICATION, DISTRIBUTION, ETC. (IMPRINT)
Place of publication San Francisco :
Name of publisher Berrett-Koehler,
Year of publication c2002.
300 ## - PHYSICAL DESCRIPTION
Number of Pages xvii, 247 p. :
Other physical details ill.
650 #0 - SUBJECT ADDED ENTRY--TOPICAL TERM
Topical Term Teams in the workplace.
Topical Term Group decision making.
Topical Term Group problem solving.
Topical Term Cooperativeness.
856 40 - ELECTRONIC LOCATION AND ACCESS
Uniform Resource Identifier http://site.ebrary.com/lib/rucke/Doc?id=10315440

No items available.

© 2026 Rongo University
Contact us: librarian | system librarian | Rongo university